000 00841cab a2200229 4500
001 WB3010-46
008 090401t1994 xxu||||| |||| 00| 0 eng d
035 _a(Sirsi) u82758
041 _aeng
245 _aGrounds for hope
260 _c1994
350 _a0
490 _aHerald
_v9 March 1994, supp1(1)
520 _aA new research study into Scotland`s house-building industry has been launched by Scottish Homes to identify and measure links between house-building and others sections of the construction industry, the supply of labour and raw materials and the cost and availability of credit and land.
650 _aCENTRE FOR HOUSING RESEARCH
650 _aHOUSE BUILDING
650 _aTRAINING AND EMPLOYMENT RESEARCH UNIT
650 _aUNIVERSITY OF GLASGOW
690 _aHOUSING
942 _n0
948 _c04/03/1997
999 _c52268
_d52268